1885 1983 1057 1020 1501 1757 1891 1177 1280 1209 1171 1922 1688 1757 1807 1013 1416 1639 1968 2000 1729 1249 1120 1557 1071 1882 1710 1838 1637 1712 1818 1134 1722 1706 1433 1157 1462 1782 1835 1984 1104 1148 1669 1211 1579 1749 1649 1629 1656 1059 1040 1250 1624 1085 1370 1364 1935 1288 1498 1908 1424 1474 1539 1443 1438 1284 1720 1981 1567 1802 1134 1412 1678 1671 1201 1253 1235 1698 1831 1970 1644 1747 1789 1707 1793 1293 1675 1995 1407 1530 1245 1232 1511 1254 1070 1609 1478 1077 1082 BCNSPRNW ULIB Ver.6.0+V

เปลี่ยนเป็นภาษาไทย

Change to English
 แสดงรายละเอียดบรรณานุกรม
  กลับหน้าหลัก

Brief Record : Get Marc (ISO 2709) : E-mail record : QR code < ปิดหน้าต่าง
LEADER : 00000nam 2200000uu 4500
001    13399109917
003     ULIB
008    110418s2551||||th 000 0 tha d
020    9749508580
060 04 WE720^bม854ก 2551
100 0  มนูญ บัญชรเทวกุล
245 10 การป้องกันและแก้อาการปวดหลัง /^cมนูญ บัญชรเทวกุล
250    พิมพ์ครั้งที่7
260    กรุงเทพฯ :^bหมอชาวบ้าน ;^c2551
300    35 หน้า :^bภาพประกอบ ;^c21 ซม.
650  7 ปวดหลัง^xการรักษาด้วยการออกกำลังกาย
650  7 ปวดหลัง^xการป้องกันและควบคุม
650  7 กายบริหาร
945    ^p50^l0^i025343
945    ^p50^l0^i025342
945    ^p50^l0^i025341
945    ^p50^l0^i018480
945    ^p50^l0^i017785
945    ^p50^l0^i018479
995    ทศพร
999 ^a ใช้งานได้ทุกระบบ
รายการนี้ยังไม่มีแท็ก
คุณยังไม่ได้ล็อกอิน คุณสามารถมีกิจกรรมร่วมกับเว็บไซต์ได้ แต่ต้องล็อกอินก่อน ::
  ล็อกอิน

รายการสื่อสารสนเทศ

ลำดับที่ ประเภท เลขเรียก/บาร์โค้ด สถานที่ สถานะ
1. วิทยาศาสตร์การแพทย์ และสุขภาพ
วิทยาศาสตร์การแพทย์ และสุขภาพ
WE720 ม854ก 2551 ฉ.6 
  Barcode: 025343
ห้องสมุดวิทยาเขตสวรรค์ประชารักษ์
►ส่วนจัดเก็บหนังสือเก่า สปร
บนชั้น
  ขอยืม

รายการใกล้เคียง
    ผู้แต่ง [มนูญ บัญชรเทวกุล]

    หัวเรื่อง [กายบริหาร]

BibComment


ยังไม่เคยถูกคอมเมนท์

คอมเมนท์ทรัพยากรรายการนี้
  คอมเมนท์: การป้องกันและแก้อ..


 Copyright 2026. Bcnsprnw @Library